|
|
|
|
| LEADER |
01008nam a2200253 a 4500 |
| 001 |
2421995 |
| 008 |
091004s1987 caua b 001 0 eng d |
| 010 |
|
|
|a \\\87017321
|
| 020 |
|
|
|a 0803931336 (pbk.)
|
| 040 |
|
|
|a DLC
|c DLC
|d DLC
|
| 082 |
0 |
0 |
|a 361.6/1/068
|2 19
|
| 100 |
2 |
|
|a Fitz-Gibbon, Carol Taylor.
|
| 245 |
1 |
0 |
|a How to analyze data /
|c Carol Taylor Fitz-Gibbon, Lynn Lyons Morris.
|
| 260 |
|
|
|a Newbury Park, Calif. :
|b Sage Publications,
|c c1987.
|
| 300 |
|
|
|a 162 p. :
|b ill. ;
|c 28 cm.
|
| 490 |
1 |
|
|a Program evaluation kit ;
|v 8
|
| 504 |
|
|
|a Includes bibliographical references (p. 145) and index.
|
| 541 |
1 |
|
|e 00003815
|
| 650 |
|
0 |
|a Evaluation research (Social action programs)
|
| 700 |
1 |
|
|a Morris, Lynn Lyons.
|
| 830 |
|
0 |
|a Program evaluation kit (2nd ed.) ;
|v 8.
|
| 852 |
4 |
|
|a Ayesha Abed Library
|j General shelf
|
| 999 |
|
|
|c 4217
|d 4217
|
| 952 |
|
|
|0 0
|1 0
|2 ddc
|4 0
|6 361_610680000000000_FIT_1987
|7 0
|9 3878
|a BRACUL
|b BRACUL
|c GEN
|d 2009-10-04
|g 162.00
|l 0
|o 361.61068 FIT
|p 3010003815
|r 2009-10-04
|t 1
|v 324.00
|w 2009-10-04
|y BK
|